000 00383 a2200169 4500
001 184136
020 _a85-98322-07-5
040 _cMagnum
100 _aSouza, Alexandre Barbosa de
240 1 0 _aDom Quixote
_lpor
245 1 0 _aDom Quixote
300 _a71
362 0 _a2004
440 1 _aEscala Educacional
697 _aLITERATURA INFANTO-JUVENIL ESTRANGEIRA
942 _cBK
999 _c184136
_d184136